LDR 00882naa#a2200241#i#450# 001 EN\\bibl\121806 005 20260630080343.2 011 ## _a2077-7566 100 ## _a20260629b2026####ek#y0engy0150####ca 101 0# _aRUS 102 ## _aRU 200 1# _aFEATURES OF PERCEPTION OF CHEWING PRESSURE IN FUNCTIONAL OCCLUSION IN PERSONS WITH DEFECTS OF DENTAL ROWS IN PROSTHETIC TREATMENT WITH DENTAL IMPLANTS _eJournal article 210 1# _aEkaterinburg _cTIRAZH Publishing House _d2026 215 ## _a6 с. 608 ## _aJournal article _2local 675 ## _aСтоматология. Заболевания ротовой полости и зубов. 616.31 _zRUS 700 #1 _aStafeev _gAndrey A. 700 #1 _aHizhuk _gAleksandr Viktorovich 700 #1 _aBarkan _gIrina Yu. 700 #1 _aKasenov _gRustam Sh. 700 #1 _aKlimova _gIrina Ya. 700 #1 _aSafronova _gMaria I. 856 4# _adental-press.ru _u